| 000 | 00602nam a22002057a 4500 | ||
|---|---|---|---|
| 003 | OSt | ||
| 005 | 20140311162957.0 | ||
| 008 | 130212t xxu||||| |||| 00| 0 eng d | ||
| 020 | _a9780071085830 | ||
| 050 |
_aHD 62.4 _b.H55 2010 |
||
| 082 | _aHD62.4 | ||
| 100 | _aHill, Charles W. L. | ||
| 245 |
_aInternational business : _cCharles W. L. Hill _bcompeting in the global marketplace / |
||
| 260 |
_aNew York : _bMcGraw-Hill/Irwin, _c2010. |
||
| 300 |
_axxiii, 718 p. : _bill. col. maps. ; _c29 cm. |
||
| 521 | _aBSBA | ||
| 650 | _aBusiness Management | ||
| 942 |
_2lcc _cBK _kFOR |
||
| 999 |
_c39097 _d39097 |
||